Calculating the cost of efficient care homes (Record no. 108760)

MARC details
000 -LEADER
fixed length control field 01387cad a22002175a 4500
001 - CONTROL NUMBER
control field L145326
008 - FIXED-LENGTH DATA ELEMENTS--GENERAL INFORMATION
fixed length control field 080929s2008 xxk f 000 0 eng d
035 ## - SYSTEM CONTROL NUMBER
System control number (Sirsi) u145326
041 0# - LANGUAGE CODE
Language code of text/sound track or separate title eng
050 04 - LIBRARY OF CONGRESS CALL NUMBER
Classification number 361 $2 22
110 2# - MAIN ENTRY--CORPORATE NAME
Corporate name or jurisdiction name as entry element Joseph Rowntree Foundation
9 (RLIN) 2318
245 00 - TITLE STATEMENT
Title Calculating the cost of efficient care homes
Remainder of title a toolkit for residential and nursing homes
Medium [electronic resource]
250 ## - EDITION STATEMENT
Edition statement 3rd ed.
260 ## - PUBLICATION, DISTRIBUTION, ETC.
Place of publication, distribution, etc. London
Name of publisher, distributor, etc. JRF
Date of publication, distribution, etc. 2008
520 ## - SUMMARY, ETC.
Summary, etc. Refines the Joseph Rowntree Foundation's formula for calculating reasonable fees, based on the operating costs of efficient care homes for older people in England. Suggests a 12% target rate of return on capital, and a 'good' or 'excellent' rating for a home as a prerequisite for these 'fair market fee' levels. Recommends a new and simplified approach to working out 'floor' and 'ceiling' fair fee. Concludes that local authorities may have to find an additional £540m annually to meet the latest physical environment standards, not including the costs of a professionalised workforce.
590 ## - LOCAL NOTE (RLIN)
Local note KA
651 #4 - SUBJECT ADDED ENTRY--GEOGRAPHIC NAME
Geographic name England and Wales
Chronological subdivision 1543-
690 ## - LOCAL SUBJECT ADDED ENTRY--TOPICAL TERM (OCLC, RLIN)
Topical term or geographic name as entry element PROPERTY-OTHER PROPERTY TYPES-HEALTHCARE AND WELFARE PROPERTY-WELFARE FACILITY AND HOME PROPERTY-WELFARE FACILITIES
856 40 - ELECTRONIC LOCATION AND ACCESS
Uniform Resource Identifier <a href="https://www.jrf.org.uk/knowledge/findings/socialcare/2260.asp">https://www.jrf.org.uk/knowledge/findings/socialcare/2260.asp</a>
Public note View the report free of charge at www.jrf.org.uk
942 ## - ADDED ENTRY ELEMENTS (KOHA)
Suppress in OPAC 0
Holdings
Withdrawn status Lost status Source of classification or shelving scheme Damaged status Not for loan Home library Current library Shelving location Date acquired Total Checkouts Full call number Barcode Date last seen Copy number Price effective from Koha item type
    Dewey Decimal Classification     Virtual Virtual Online 29/09/2008   ONLINE PUBLICATION 145326-1001 06/08/2019 1 06/08/2019 Book